|
|
|
|
| LEADER |
00000nam0a2200000 4500 |
| 001 |
289102 |
| 005 |
20231102000144.0 |
| 035 |
|
|
|a (RuTPU)RU\TPU\book\313607
|
| 090 |
|
|
|a 289102
|
| 100 |
|
|
|a 20150331d1983 k y0rusy50 ca
|
| 101 |
1 |
|
|a rus
|c eng
|
| 102 |
|
|
|a RU
|
| 105 |
|
|
|a a z 000zy
|
| 200 |
1 |
|
|a Кристаллография
|e вводный курс для геологов
|e пер. с англ.
|
| 210 |
|
|
|a Москва
|c Мир
|d 1983
|
| 215 |
|
|
|a 268 с.
|c ил.
|
| 606 |
1 |
|
|a Кристаллография
|2 stltpush
|3 (RuTPU)RU\TPU\subj\16322
|9 42433
|
| 610 |
1 |
|
|a кристаллы
|
| 610 |
1 |
|
|a структура
|
| 610 |
1 |
|
|a решетки
|
| 610 |
1 |
|
|a стереографические проекции
|
| 610 |
1 |
|
|a дифракция
|
| 610 |
1 |
|
|a рентгенограммы
|
| 675 |
|
|
|a 548
|v 3
|
| 700 |
|
1 |
|a Уиттекер
|b Э.
|g Э.
|
| 702 |
|
1 |
|a Пятенко
|b Ю. А.
|4 340
|
| 801 |
|
1 |
|a RU
|b 63413507
|c 20150331
|
| 801 |
|
2 |
|a RU
|b 63413507
|c 20161220
|g RCR
|
| 942 |
|
|
|c BK
|